El cuerpo en la elegía: Danza de amor y muerte
Zapisane w:
| 1. autor: | |
|---|---|
| Format: | Książka |
| Język: | hiszpański |
| Wydane: |
Viña del Mar
Pontificia Universidad Católica de Valparaíso. Instituto de Historia
2002
|
| Hasła przedmiotowe: | |
| Etykiety: |
Dodaj etykietę
Nie ma etykietki, Dołącz pierwszą etykiete!
|
MARC
| LEADER | 00000nam a2200000 a 4500 | ||
|---|---|---|---|
| 001 | UCG1041 | ||
| 003 | CL-VaPUC | ||
| 005 | 20250120102731.0 | ||
| 008 | 100415e20020000cl 1 spa d | ||
| 082 | 0 | 4 | |a 860.9 |b HER |2 21 |
| 100 | 1 | |a Hernando, Ana María |e author |9 621541 | |
| 245 | 1 | 3 | |a El cuerpo en la elegía: Danza de amor y muerte |
| 246 | 1 | 0 | |a XX Semana de Estudios Romanos |
| 260 | |a Viña del Mar |b Pontificia Universidad Católica de Valparaíso. Instituto de Historia |c 2002 | ||
| 583 | |a last modification |c 20100415 00:00:00 |k Rodrigo Vera | ||
| 650 | 0 | 7 | |a LITERATURA MEDIEVAL ESPAÑOLA |2 CL-VaPUC |9 474353 |
| 650 | 0 | 0 | |a Literatura medieval |9 266338 |
| 650 | 0 | 0 | |a Crítica literaria |9 269189 |
| 650 | 0 | 0 | |a Poesía española |9 264938 |
| 650 | 0 | 7 | |a ELEGIA |2 CL-VaPUC |9 621542 |
| 650 | 0 | 0 | |a Creación poética |9 621543 |
| 650 | 0 | 0 | |a Creación literaria |9 307247 |
| 942 | |c BK | ||
| 945 | |a dcastane |d 20100415 00:00:00 | ||
| 546 | |a En Español | ||
| 536 | |a Pontificia Universidad Católica de Valparaíso. Instituto de Historia | ||
| 518 | |p Semana de Estudios Romanos, 20, Viña del Mar, 22 al 25 octubre 2002 | ||
| 999 | |c 384504 |d 384502 | ||